Statistics for Can you name the 80 largest subdivisions by area?

Click here to take the quiz!

General Stats

  • This quiz has been taken 29 times
  • The average score is 27 of 80

Answer Stats

Size (km2)Subdivisions% Correct
1,717,854Alaska
88%
696,241Texas
85%
423,967California
77%
2,166,086Greenland
77%
1,542,056Quebec
77%
2,038,722Nunavut
73%
661,848Alberta
69%
1,076,395Ontario
69%
1,559,167Amazonas
65%
2,642,753Western Australia
65%
649,950Manitoba
62%
1,851,736Queensland
62%
651,900Saskatchewan
62%
482,443Yukon
62%
944,735British Columbia
58%
1,183,000Inner Mongolia
58%
1,044,353South Australia
58%
464,275Kamchatka
54%
809,952New South Wales
54%
3,083,523Sakha
54%
1,228,400Tibet
54%
1,664,897Xinjiang
54%
380,838Montana
50%
286,382Nevada
50%
1,419,630Northern Territory
50%
295,234Arizona
46%
2,366,797Krasnoyarsk
42%
373,872Newfoundland and Labrador
42%
314,915New Mexico
38%
1,346,106Northwestern Territories
38%
1,245,870Para
38%
485,000Sichuan
35%
394,000Yunnan
35%
413,103Arkhangelsk
31%
564,760Bahia
31%
903,207Mato Grosso
31%
342,239Rajasthan
31%
454,000Gansu
27%
774,876Irkutsk
27%
316,900Tomsk
27%
307,571Buenos Aires
23%
460,000Heilongjiang
23%
416,774Komi
23%
462,464Magadan
23%
357,124Mato Grosso do sul
23%
281,707Rio Grande do sul
23%
340,086Goias
19%
787,633Khabarovsk
19%
307,713Maharashtra
19%
440,098New Valley
19%
721,000Qinghai
19%
370,620Santa Cruz
19%
667,799Agadez
15%
363,700Amur
15%
721,481Chukotka
15%
672,522Eastern Province
15%
368,851Loreto
15%
308,245Madhya
15%
331,983Maranhao
15%
372,889Northern Cape
15%
412,000Riyadh
15%
328,068Somali
15%
300,629Aktobe
12%
347,190Balochistan
12%
351,334Buryatia
12%
586,514Minas Gerias
12%
296,420North Darfur
12%
556,200Tamanrasset
12%
424,948Adrar
8%
283,226East Kazakhstan
8%
285,000Illizi
8%
427,982Karaganda
8%
534,801Khantia Mansia
8%
479,160Kufra
8%
349,790Murzuq
8%
348,765Northern State
8%
353,690Oromia
8%
440,176Taoudenit
8%
769,250Yamalia
8%
431,892Zabaykalsky
8%

Score Distribution

Percentile by Number Answered

Percent of People with Each Score

Your Score History

You have not taken this quiz